Statistics for Top 10 World's Fastest Bowlers in the History of Cricket

Click here to take the quiz!

General Stats

  • This quiz has been taken 1,241 times
    (36 since last reset)
  • The average score is 5 of 10

Answer Stats

RankCountryFastest deliveryAnswer% Correct
2ndAustralia161.1 km/h (100.1 mph)Brett Lee
94%
1stPakistan161.3 km/h (100.2 mph)Shoaib Akhtar
83%
3rdAustralia161.1 km/h (100.1 mph)Shaun Tait
63%
4thAustralia160.6 km/h (99.7 mph)Jeffrey Thomson
54%
10thNew Zealand156.4 km/h (97.2 mph)Shane Bond
46%
5thAustralia160.4 km/h (99.6 mph)Mitchell Starc
31%
6thWest Indies159.5 km/h (99.1 mph)Andy Roberts
29%
9thPakistan156.4 km/h (97.2 mph)Mohammad Sami
29%
8thAustralia156.8 km/h (97.5 mph)Mitchell Johnson
26%
7thWest Indies157.7 km/h (98.0 mph)Fidel Edwards
23%

Score Distribution

Percentile by Number Answered

Percent of People with Each Score

Your Score History

You have not taken this quiz since the last reset